000 00558nam a2200205Ia 4500
003 BUBTL
008 151213s9999 xx 000 0 und d
082 _a346.04/S5623t/ 2002
100 _a Shukla, Dr. S.N.
_93996
245 _aThe Transfer of Property Act
_cDr. S.N Shukla
250 _a24th
260 _aAllahabad
_bLaw Agency
_cc2002
300 _a[xxii], 444 p . :
_b21 cm.
650 _aLaw
_93900
650 _aLaw
_93900
700 _aDr. S.N Shukla
_93901
856 _k0
_l0
_yDownload
942 _2ddc
_cBK
999 _c1536
_d1536